| 000 | 00920nam a22002657a 4500 | ||
|---|---|---|---|
| 008 | 240821b mp ||||| |||| 00| 0 mon d | ||
| 035 | _a7671 | ||
| 040 |
_aDXO45059 _bmon _cMN-UlNLM _dMN-UlNLM _erda |
||
| 041 | _amon | ||
| 082 |
_210-t _a808.899.282 _bБ- 335 |
||
| 100 | _aБатжаргал Ш. | ||
| 245 | 0 | _aБорхүү Одхүү Төмөрхүү гурвын адал явдал-4 | |
| 245 | 0 | _bкомик цуврал | |
| 245 | 0 | _cзур: С. Цогтбаяр | |
| 250 | _a3 | ||
| 264 |
_aУБ _bИнтерпресс ХК _c2017 |
||
| 300 | _a24х. | ||
| 336 |
_2rdacontent _atext _btxt |
||
| 337 |
_2rdamedia _aunmediated _bn |
||
| 338 |
_2rdacarrier _avolume _bnc |
||
| 505 | _tЦогтбаяр С.; Борхүү Одхүү Төмөрхүү гурвын адал явдал; шог зурагт ном; шог зураг; 0 | ||
| 650 | _a11039 | ||
| 942 |
_210-t _cBK |
||
| 999 |
_c1132943 _d1133000 |
||